000 01330nam a2200241Ia 4500
003 Ost
005 20260507075207.0
008 260507s9999||||xx |||||||||||||| ||und||
020 _a78852499539
040 _cfsecg
041 _aara
082 _a330
100 _aناشد، سوزي عدلي
_eمؤلف
245 0 _aاتفاقية العوائق الفنية أمام التجارة TBT :
_bتقييد أم تحرير للتجارة الدولية /
_c سوزي عدلي ناشد
260 _aبيروت:
_bمنشورات الحلبي الحقوقية,
_c2010
300 _a120 صفحة؛
_c24 سم
504 _aملاحق ص.75
520 _aتاريخ اتفاقية TBT و الاختلافات الاساسية بين TBT طوكيو وTBT لمنظمة التجارة العالمية WTO الهدف الرئيسي من إتفاقية TBTk ، هيكل اتفاقية العوائق الفنية أمام التجارة ، الآثار العامة لاتفاقية WTO على اتفاقية العوائق الفنية أمام التجارة ، نطاق تطبيق إتفاقية TBT ، آثار إتفاقية TBT على تجارة الدول النامية .
653 _aالاتفاقيات التجارية
653 _aالتجارة
653 _aالتجارة الخارجية
942 _cكتاب
999 _c43441
_d43441